00786nam a2200193Ia 4500001001000000003000500010008004100015010001100056040000900067100003300076245016600109260003400275300001000309502010600319650003800425650005100463650002800514710005000542Para_9262CHAP220125s2007 xx 000 0 und d a208001 cCHAP aPineda Francisco, Luis Angel aEstimación del nivel de tolerancia del frijol ayacote (Phaseolus coccineus L.) al herbicida glifosato en Chapingo, México /c por Luis Angel Pineda Francisco aChapingo, Méx. :b el autor a35 h. aTesis (Ing. Agr. Esp. en Parasitología Agrícola) -- UACh. Departamento Parasitología Agrícola aFrijol x malas hierbasxcontrol  aFrijol x variedades resistentes a herbicidas  aHerbicidas x toxicidad aUACh. Departamento Parasitología Agrícola